Steht es im Grundgesetz? - Statistiken

Allgemein
  • Dieses Quiz wurde 53 mal gespielt
  • Das Durchschnittsergebnis liegt bei 18 aus 30
Antwortstatistiken
Frage Antwort % Korrekt
Die Würde des Menschen ist unantastbar. Wahr
89%
Die Bundesrepublik Deutschland ist eine sozialistische Volksrepublik. Falsch
84%
Ehe und Familie stehen unter dem besonderen Schutze der staatlichen Ordnung. Wahr
84%
Jeder hat das Recht auf Leben und körperliche Unversehrtheit. Die Freiheit der Person ist unverletzlich. Wahr
84%
Deutsche Staatsbürger können anderen Menschen vor Gericht gegenüber bevorzugt behandelt werden, sofern diese Ausnahme durch ein allgemeines Gesetz geregelt [...] ist. Falsch
82%
Im Bewußtsein seiner Verantwortung vor Gott und den Menschen [...] hat sich das Deutsche Volk kraft seiner verfassungsgebenden Gewalt dieses Grundgesetz gegeben. Wahr
82%
Gegen jeden, der es unternimmt, diese Ordnung [= Demokratie & Rechtsstaat] zu beseitigen, haben alle Deutschen das Recht zum Widerstand, wenn andere Abhilfe nicht möglich ist. Wahr
80%
Über die Stellung der unehelichen Kinder entscheiden die Bundesländer. Falsch
77%
Durch Gesetz können die Bundesregierung, ein Bundesminister oder die Landesregierungen ermächtigt werden, Rechtsverordnungen zu erlassen. Wahr
75%
Wer eine Schwangerschaft abbricht, wird mit Freiheitsstrafe bis zu drei Jahren oder mit Geldstrafe bestraft. Falsch
73%
Das Eigentum und das Erbrecht werden gewährleistet. Inhalt und Schranken werden durch die Gesetze bestimmt. Wahr
70%
Eine Zensur ist nur im Verteidigungsfalle zulässig. Falsch
66%
In der Bundesrepublik Deutschland gilt die freie Marktwirtschaft. Falsch
64%
Ehrfurcht vor Gott, Achtung vor der Würde des Menschen und Bereitschaft zum sozialen Handeln zu wecken, ist vornehmstes Ziel der Erziehung. Falsch
64%
Niemand darf gegen sein Gewissen zum Kriegsdienst mit der Waffe gezwungen werden. Wahr
64%
Jede Mutter hat Anspruch auf den Schutz und die Fürsorge der Gemeinschaft. Wahr
59%
Eine Enteignung ist nur zum Wohle der Allgemeinheit zulässig. Wahr
57%
Die Bundesrepublik Deutschland ist ein demokratischer und sozialer Bundesstaat. Wahr
57%
Die deutsche Staatsangehörigkeit darf nicht entzogen werden. Wahr
55%
Der Bund bleibt Eigentümer der Bundesautobahnen und sonstigen Bundesstraßen des Fernverkehrs. Das Eigentum ist unveräußerlich. Wahr
50%
In diese Rechte [= Leben und körperliche Unversehrtheit] darf nur auf Grund eines Gesetzes eingegriffen werden. Wahr
48%
Grund und Boden, Naturschätze und Produktionsmittel können zum Zwecke der Vergesellschaftung [...] in Gemeineigentum oder in andere Formen der Gemeinwirtschaft überführt werden. Wahr
45%
Jeder Mensch hat das Recht auf Erholung und Freizeit und insbesondere auf eine vernünftige Begrenzung der Arbeitszeit und regelmäßigen bezahlten Urlaub. Falsch
43%
Zwangsarbeit ist nur bei einer gerichtlich angeordneten Freiheitsentziehung zulässig. Wahr
43%
Alle deutschen Kauffahrteischiffe bilden eine einheitliche Handelsflotte. Wahr
39%
Gesetze über Wehrdienst und Ersatzdienst können bestimmen, daß für die Angehörigen der Streitkräfte und des Ersatzdienstes während der Zeit des Wehr- oder Ersatzdienstes das Grundrecht, seine Meinung in Wort, Schrift und Bild frei zu äußern und zu verbreiten, das Grundrecht der Versammlungsfreiheit und das Petitionsrecht [...] eingeschränkt werden. Wahr
36%
In der Bundesrepublik Deutschland gilt die soziale Marktwirtschaft. Falsch
32%
Ausnahmen [zur Ausübung der Religionsfreiheit] dürfen in Schulen und staatlichen Einrichtungen gelten, sofern diese Ausnahme durch ein Gesetz geregelt ist. Falsch
32%
In keinem Falle darf ein Grundrecht durch ein Gesetz abgeschafft oder eingeschränkt werden. Falsch
18%
Wer sich um einen Sitz im Bundestage bewirbt, hat Anspruch auf den zur Vorbereitung seiner Wahl erforderlichen Urlaub. Wahr
16%
Keine übereinstimmenden Quizze gefunden
Verteilung der Resultate
Anzahl Personen mit jedem Resultat
Perzentil nach korrekt beantworteten Fragen
Ihre Resultats-Entwicklung
Sie haben dieses Quiz noch nicht gespielt